Le bon numéro - Statistiques

Statistiques générales
  • Ce quiz a été pris 38 fois
  • Le résultat moyen est 14 sur 50
Statistiques - réponses
Hint Réponse % Correct
Le nombre de nains dans Blanche Neige 7
81%
Les dalmatiens 101
77%
Nombre d'épreuve dans un decathlon 10
68%
L'indice téléphonique français 33
68%
L'erreur informatique 404
65%
Pays reconnus par l'ONU 193
61%
Uruguay gagne sa première coupe du monde 1 930
61%
Le nombre de satellites de la Terre 1
58%
Le débarquement sur Omaha Beach 1 944
58%
Une marque de bière très 1664
55%
La boule Noire 8
52%
La disparition de Balavoine 1 986
48%
Le département du Finistère 29
48%
La division de 752 par 16 47
45%
De seconde dans une journée 86 400
45%
Point du PSG en Ligue 1 en 2025 84
42%
Attribué au racing du Top14 92
42%
Saint-Pierre et Miquelon 975
39%
Les congés payés 1936
35%
Les jeux de Seoul 1 988
29%
Nombre de communes en France métropolitaine 36 530
29%
La vitesse du son 1 200
26%
Les athlètes qui reçoivent des fleurs en biathlon 6
26%
Le cube de 23 12 167
23%
Lien avec la Triskaïdekaphobie 13
23%
Ou se déroule une course de 24h 72
19%
L'altitude du grand ballon d'Alsace 1 423
16%
Le nombre de lettres dans la capitale du Brunei 17
16%
Le jour sans tabac au mois de mai 31
16%
Le code postal de la ville Guingamp 36 100
16%
Le papi dans un loto 90
16%
Les départements en région AURA 12
13%
Le break maximum au billard 147
13%
Le nombre de victoires en F1 pour Ferrari au 1/01/25 243
13%
Kilomètre séparant Paris a Melbourne 16 780
10%
Dans le nom d'une montagne des Alpes Maritimes 2000
10%
Les médailles aux JO de Michael Phelps 28
10%
La bataille de Roncevaux 778
10%
Le nombre de tours au Grand Prix de Monaco 78
10%
L'écart Google Maps entre Brest et Châteaurenard 1 209
6%
70°C en Fahrenheit 158
6%
Nombre de président français 25
6%
Numéro de Casey Stoner 27
6%
La superficie en km² du Vanuatu 12 189
3%
Population de Mende en 2022 12 322
3%
La vitesse en miles pour 248 km/h 154
3%
Nombre d'îles aux Philippines 7 107
3%
Nombre d'îles en Indonesie 13 466
0%
L'autoroute de l'Arbre 77
0%
Le nombre de pages dans la Bible 8 048
0%
Aucun quiz correspondant
Distribution des résultats
% des personnes avec chaque résultat
Percentile par nombre de réponses
Votre historique - résultats
Vous n’avez pas pris ce quiz